[Event "Extraliga CZE"]
[Site "Ostrava CZE"]
[Date "2000.03.19"]
[Round "11"]
[White "Mokry,K"]
[Black "Cicak,S"]
[Result "1/2-1/2"]
[WhiteElo "2460"]
[BlackElo "2501"]

1.e4 d5 2.exd5 Qxd5 3.Nc3 Qd6 4.d4 c6 5.h3 Bf5 6.Nf3 e6 7.Ne5 Nd7 8.Nc4 Qc7
9.g3 Nb6 10.Bf4 Qd8 11.g4 Bg6 12.Ne5 Nd5 13.Nxd5 Qxd5 14.f3 Bd6 15.Bc4 Qa5+
16.c3 Qc7 17.h4 f6 18.Nxg6 hxg6 19.Bxd6 Qxd6 20.Qe2 Kf7 21.O-O-O Ne7 22.Qh2  1/2-1/2

[Event "It"]
[Site "Tel Aviv ISR"]
[Date "2000.03.22"]
[Round "3"]
[White "De Vreugt,D"]
[Black "Gofshtein,L"]
[Result "1/2-1/2"]
[WhiteElo "2498"]
[BlackElo "2580"]

1.e4 d5 2.exd5 Qxd5 3.Nc3 Qd6 4.d4 Nf6 5.Nf3 a6 6.g3 b5 7.Bg2 Bb7 8.O-O e6
9.Ne5 Bxg2 10.Kxg2 Ra7 11.Qf3 Be7 12.Be3 b4 13.d5 Qxe5 14.Bxa7 bxc3 15.Bxb8 Nxd5
16.bxc3 O-O 17.c4 Nb6 18.Qb7 Bd6 19.Rae1 Qc5 20.Ba7 a5 21.Rb1 Qxc4 22.Bxb6 cxb6
23.Qxb6 Bb4 24.a3 Bc3 25.Qe3 e5 26.Rb3 Bd4 27.Qd3 Qc6+ 28.f3 g6 29.c3 Bc5
30.c4 Bd4 31.Rb5 Qc7 32.Rc1 Bc5 33.Rc2 Qe7 34.Rxa5 Rd8 35.Qe4 Rd1 36.h4 Kg7
37.Kh2 Qd6 38.Re2 Bd4 39.Rxe5 Bxe5 40.Qxe5+ Qxe5 41.Rxe5 Rd3 42.Kg2 Rxa3
43.g4 h6 44.g5 hxg5 45.hxg5 f6 46.Re7+ Kf8 47.gxf6 Ra6 48.Re4 Kf7 49.Rf4 Ra2+
50.Kf1 Ra4 51.Ke2 g5 52.Rd4 Kxf6 53.Ke3 Ke6 54.Re4+ Kd7 55.Kf2 Ra3 56.Re5 Rc3
57.Re4 Ra3 58.Kg3 Rc3 59.Kg4 Kd6 60.Re8 Kd7 61.Re5 Kd6 62.Rxg5 Rxc4+ 63.Kf5 Ke7
64.f4  1/2-1/2

[Event "Ciocaltea Mem"]
[Site "Bucharest ROM"]
[Date "2000.03.25"]
[Round "11"]
[White "Svetushkin,D"]
[Black "Vukovic,Zd"]
[Result "1/2-1/2"]
[WhiteElo "2486"]
[BlackElo "2475"]

1.e4 d5 2.exd5 Qxd5 3.Nc3 Qd8 4.d4 Nf6 5.Nf3 c6 6.Bc4 b5 7.Bb3 e6 8.Bg5 Be7
9.Bxf6 gxf6 10.d5 cxd5 11.Nxd5 Bb7 12.Nxe7 Qxd1+ 13.Rxd1 Kxe7 14.Nd4 a6 15.O-O Nc6
16.Nxc6+ Bxc6 17.f3 Rhg8 18.Kf2 Rg5 19.Rd4 Rag8 20.g3 Rh5 21.h4 Rd8 22.Rxd8 Kxd8
23.c3 Rc5 24.Rd1+ Ke7 25.Rd4 f5 26.Bd1 e5 27.Rd2 Rd5 28.Rxd5 Bxd5 29.a4 bxa4
30.Bxa4 a5 31.Ke3 h6 32.Bc2 Be6 33.f4 f6 34.b4 axb4 35.cxb4 Kd6 36.Kd3 Kc6
37.Ba4+ Kd6 38.Kc3 Bc8 39.Bd1 Be6 40.Bf3 Kc7 41.Bh5 Kb6 42.Be8 Ka6 43.Bc6 Kb6
44.Bg2 Kb5 45.Bf1+ Kb6  1/2-1/2

[Event "FSGM April"]
[Site "Budapest HUN"]
[Date "2000.04.11"]
[Round "11"]
[White "Berkvens,J"]
[Black "Horvath,Cs"]
[Result "1-0"]
[WhiteElo "2297"]
[BlackElo "2519"]

1.e4 d5 2.exd5 Qxd5 3.Nc3 Qd6 4.d4 Nf6 5.Nf3 a6 6.Ne5 Nc6 7.Nxc6 Qxc6 8.d5 Qd6
9.Be2 g6 10.O-O Bg7 11.Bf3 O-O 12.Be3 b5 13.a3 Bb7 14.Qd2 Rad8 15.Rad1 Rfe8
16.Qc1 Qd7 17.Rfe1 Qf5 18.Bf4 Qc8 19.Be5 c6 20.dxc6 Bxc6 21.Qf4 Qb7 22.Bxc6 Qxc6
23.Qb4 e6 24.Rxd8 Rxd8 25.Qh4 Qc4 26.Bxf6 Qxh4 27.Bxh4 Rd2 28.Rc1 a5 29.Bg5  1-0

[Event "zt 1.2"]
[Site "Pula CRO"]
[Date "2000.04.16"]
[Round "6"]
[White "Lutz,C"]
[Black "Kurajica,B"]
[Result "1-0"]
[WhiteElo "2587"]
[BlackElo "2530"]

1.e4 d5 2.exd5 Qxd5 3.Nc3 Qd6 4.d4 Nf6 5.Nf3 a6 6.Bg5 Nbd7 7.Bd3 c5 8.d5 b5
9.O-O c4 10.Bf5 Nc5 11.Bxc8 Rxc8 12.Re1 Rd8 13.Ne5 g6 14.Qf3 Bg7 15.Nc6 O-O
16.Bf4 Qd7 17.Rxe7 Qf5 18.Nxd8 Rxd8 19.Bc7 Rc8 20.Qxf5 gxf5 21.Bb6 b4 22.Bxc5 bxc3
23.Ba3 Nxd5 24.Rb7 cxb2 25.Bxb2 c3 26.Ba3 Nf4 27.Rab1 Be5 28.Re1 Bf6 29.Bd6 Ne6
30.Rb8 Rxb8 31.Bxb8 Nd4 32.Re8+ Kg7 33.Be5 Nxc2 34.Bxf6+ Kxf6 35.Rc8  1-0

[Event "RUS-Team"]
[Site "Smolensk RUS"]
[Date "2000.04.16"]
[Round "2"]
[White "Karavaev,V"]
[Black "Zaitsev,Va"]
[Result "1-0"]
[WhiteElo "2363"]
[BlackElo "2413"]

1.e4 d5 2.exd5 Qxd5 3.Nc3 Qd6 4.d4 Nf6 5.Bc4 a6 6.Bb3 Nc6 7.Nge2 e5 8.Be3 Ng4
9.Qd2 Nxe3 10.fxe3 Be7 11.O-O O-O 12.a3 Qh6 13.Qd3 Bg5 14.Nd5 Bg4 15.Ng3 Na5
16.Qe4 Nxb3 17.cxb3 f5 18.Qxe5 Rae8 19.Qxc7 Qe6 20.Nf4 Qxe3+ 21.Rf2 b5 22.Nf1 Qxd4
23.h3 Re4 24.Qc3 Qa7 25.Nd3 Be2 26.Qe5 Qf7  1-0

[Event "XVIII Open"]
[Site "Metz FRA"]
[Date "2000.04.17"]
[Round "3"]
[White "Galdunts,S"]
[Black "Mamut,I"]
[Result "1-0"]
[WhiteElo "2473"]
[BlackElo "2218"]

1.e4 d5 2.exd5 Qxd5 3.Nc3 Qd6 4.d4 a6 5.Nf3 Nf6 6.g3 e6 7.Bg2 Nbd7 8.O-O Qb6
9.Re1 Bd6 10.d5 e5 11.a3 Ng4 12.Qe2 Bc5 13.Ne4 O-O 14.b4 Be7 15.h3 f5 16.Neg5 Bxg5
17.Nxg5 Ngf6 18.c4 e4 19.Ne6 Rf7 20.Be3 Qd6 21.c5 Qe7 22.Nxc7 Rb8 23.Bf4 Nf8
24.Rad1 Ng6 25.Bd6 Qd7 26.Ne6 Ra8 27.Ng5 Qa4 28.Nxf7 Kxf7 29.Qb2 Bd7 30.Qd4 Re8
31.Re3 h5 32.Rde1 h4 33.Bf1 hxg3 34.f4 Bb5 35.c6 bxc6 36.dxc6 Bxf1 37.Kxf1 Qb5+
38.Kg1 Qxc6 39.Qc5 Qd7 40.Qc7  1-0

[Event "XVIII Open"]
[Site "Metz FRA"]
[Date "2000.04.18"]
[Round "4"]
[White "Velcheva,M"]
[Black "Dubois,M"]
[Result "1-0"]
[WhiteElo "2364"]
[BlackElo "2091"]

1.e4 d5 2.exd5 Qxd5 3.Nc3 Qd6 4.d4 Nf6 5.Nf3 a6 6.Be2 Nc6 7.O-O Bg4 8.Be3 e6
9.Qd2 Be7 10.Rad1 O-O 11.h3 Bh5 12.Qc1 Nb4 13.Bf4 Qd8 14.a3 Nbd5 15.Nxd5 exd5
16.Rfe1 Ne4 17.Ne5 Bh4 18.Bxh5 Bxf2+ 19.Kh2 Qh4 20.Bf3 Bg3+ 21.Bxg3 Qxg3+
22.Kg1 Nf2 23.Qe3 Nxd1 24.Rxd1 c6 25.Qb3 Qf4 26.Qxb7 Rab8 27.Qxc6 Rxb2 28.Bxd5 Qe3+
29.Kh1 Qe2 30.Bxf7+ Kh8 31.Qf3 Qxf3 32.gxf3 Rxc2 33.d5 Re2 34.f4 g5 35.d6 gxf4
36.d7 Rxe5 37.d8=Q Rxd8 38.Rxd8+ Kg7 39.Bc4 Re4 40.Bxa6 Ra4 41.Bd3 Rxa3 42.Kg2 Ra7
43.Kf3 Rf7 44.Bc4 Rf8 45.Rd7+ Kh8 46.Bd3 Kg8 47.Bxh7+ Kh8 48.Be4 Kg8 49.h4 Rf6
50.Bd5+ Kh8 51.h5 Rf5 52.Kg4 Rf8 53.h6 f3 54.Bxf3 Kg8 55.Be4 Kh8 56.Kg5 Rg8+
57.Bg6 Rb8 58.Bf5 Rg8+ 59.Kf6 Rf8+ 60.Kg6 Rg8+ 61.Rg7 Re8 62.Rh7+ Kg8 63.Rf7 Kh8
64.Bd7  1-0

[Event "XVIII Open"]
[Site "Metz FRA"]
[Date "2000.04.23"]
[Round "9"]
[White "Nijboer,F"]
[Black "Sulava,N"]
[Result "1-0"]
[WhiteElo "2540"]
[BlackElo "2486"]

1.e4 d5 2.exd5 Qxd5 3.Nc3 Qd6 4.d4 Nf6 5.Nf3 a6 6.Be3 Nbd7 7.Be2 e6 8.O-O c5
9.Qd2 cxd4 10.Nxd4 Qc7 11.Bf4 Qb6 12.Bf3 Be7 13.Rfe1 Nf8 14.Na4 Qd8 15.Qc3 Bd6
16.Bxd6 Qxd6 17.Nf5  1-0

[Event "Ivan Cvitanovic Mem"]
[Site "Split CRO"]
[Date "2000.05.05"]
[Round "7"]
[White "Zelic,Ml"]
[Black "Horvath,Cs"]
[Result "0-1"]
[WhiteElo "2308"]
[BlackElo "2519"]

1.e4 d5 2.exd5 Qxd5 3.Nc3 Qd6 4.d4 Nf6 5.Nf3 a6 6.Ne5 Nc6 7.Nxc6 Qxc6 8.Bf4 Bg4
9.f3 Be6 10.Bd3 g6 11.Qe2 Bg7 12.O-O-O O-O 13.Kb1 Nd5 14.Nxd5 Qxd5 15.c4 Qxd4
16.Bxc7 Rac8 17.Ba5 Qc5 18.Qd2 Bxc4 19.Be4 Be6 20.Rc1 Qb5 21.Rxc8 Rxc8 22.Rc1 Rxc1+
23.Kxc1 Qf1+ 24.Kc2 Bxa2 25.Qd8+ Bf8 26.Bc3 Qxg2+ 27.Kd3 Bb1+ 28.Ke3 Qg1+
29.Ke2 Qxh2+ 30.Ke3 Bxe4 31.fxe4 Qg3+ 32.Ke2 Qd6 33.Qa8 Qc6 34.e5 h5 35.Bd2 g5
36.Qb8 h4 37.Kd1 h3  0-1

[Event "Capablanca Mem Premier I"]
[Site "Varadero CUB"]
[Date "2000.05.08"]
[Round "2"]
[White "Perez,Rod"]
[Black "Lopez Martinez,J"]
[Result "0-1"]
[WhiteElo "2472"]
[BlackElo "2465"]

1.e4 d5 2.exd5 Qxd5 3.Nc3 Qd8 4.d4 Nf6 5.Nf3 c6 6.Bc4 Bf5 7.Ne5 e6 8.g4 Bg6
9.h4 Bb4 10.Kf1 Bxc3 11.bxc3 Nbd7 12.Qe2 Nxe5 13.dxe5 Nd5 14.Bg5 Nxc3 15.Qe3 Nd5
16.Qe2 Nc3 17.Qe3 Qa5 18.h5 Qb4 19.Bxe6 Bxc2 20.Bxf7+ Kxf7 21.Rc1 Qc4+ 22.Ke1 Nd5  0-1

[Event "Capablanca Mem Premier II"]
[Site "Varadero CUB"]
[Date "2000.05.13"]
[Round "6"]
[White "Leyva,R"]
[Black "Del Rio Angelis,S"]
[Result "1/2-1/2"]
[WhiteElo "2415"]
[BlackElo "2463"]

1.e4 d5 2.exd5 Qxd5 3.Nc3 Qd8 4.g3 g6 5.Bg2 Bg7 6.Nge2 Nh6 7.O-O Nf5 8.d3 O-O
9.Bg5 h6 10.Bd2 c6 11.Qc1 Kh7 12.Ne4 Nd7 13.a4 a5 14.Bc3 Bxc3 15.bxc3 Nd6
16.Nd2 Nb6 17.h3 e5 18.Qa3 Qc7 19.c4 Nd7 20.c5 Nf5 21.Ne4 Ng7 22.f4 exf4
23.Nxf4 Qe5 24.c3 g5 25.d4 Qe7 26.Nd3 f5 27.Nef2 Qe3 28.g4 Nf6 29.Rae1 Qg3
30.Ne5 fxg4 31.hxg4 Bxg4 32.Qb2 Bf5 33.Qxb7 Qxc3 34.Nxc6 Rae8 35.Re7 Nh5
36.Qc7 Rxe7 37.Qxe7 Nf4 38.Ne4 Bxe4 39.Bxe4+ Kg8 40.Bd5+ Kh7 41.Be4+ Kg8  1/2-1/2

[Event "Capablanca Mem Premier I"]
[Site "Varadero CUB"]
[Date "2000.05.14"]
[Round "7"]
[White "Perez,Lu"]
[Black "Lopez Martinez,J"]
[Result "1-0"]
[WhiteElo "2459"]
[BlackElo "2465"]

1.e4 d5 2.exd5 Qxd5 3.Nc3 Qd8 4.d4 Nf6 5.Nf3 c6 6.Bc4 Bf5 7.Ne5 e6 8.g4 Bg6
9.h4 Bb4 10.f3 Bxc2 11.Qxc2 Qxd4 12.Qe2 Bxc3+ 13.bxc3 Qxc3+ 14.Kf2 Qxa1 15.Rd1 Qc3
16.Bb2 Qb4 17.Nxf7 O-O 18.Bxf6 gxf6 19.Qxe6 Qc3 20.Rd8 Nd7 21.Rxa8 Qd4+ 22.Kg2 Qd2+
23.Kh3 Kg7 24.Qe7 Qf4 25.Ng5+  1-0

[Event "Guillermo Garcia Premier II"]
[Site "Santa Clara CUB"]
[Date "2000.05.28"]
[Round "4"]
[White "Herrera,I"]
[Black "Del Rio Angelis,S"]
[Result "0-1"]
[WhiteElo "2472"]
[BlackElo "2463"]

1.e4 d5 2.exd5 Qxd5 3.Nc3 Qd8 4.d4 Nf6 5.Nf3 c6 6.Bc4 Bf5 7.Ne5 e6 8.g4 Bg6
9.h4 Bb4 10.f3 Bxc2 11.Qxc2 Qxd4 12.Qe2 b5 13.Bb3 Bxc3+ 14.bxc3 Qxc3+ 15.Kf2 Qxa1
16.Rd1 Qc3 17.Nxf7 O-O 18.Bxe6 Na6 19.Bb2 Qc5+ 20.Bd4 Qe7 21.g5 Ng4+ 22.Kg2 Rxf7
23.fxg4 Re8 24.Re1 Nc7 25.Bxf7+ Qxf7 26.Be5 Nd5 27.Kg3 Nb6 28.Qc2 Nc4 29.Qc3 Nxe5
30.Rxe5 Qc7 31.Kf4 Rxe5 32.Qxe5 Qxe5+ 33.Kxe5 c5  0-1

[Event "11th Open"]
[Site "Ljubljana SLO"]
[Date "2000.06.20"]
[Round "4"]
[White "Rezonja,S"]
[Black "Sermek,D"]
[Result "0-1"]
[WhiteElo "2178"]
[BlackElo "2517"]

1.e4 d5 2.exd5 Qxd5 3.Nc3 Qd6 4.d4 Nf6 5.Be2 a6 6.Bf3 Nc6 7.Nge2 e5 8.Bxc6+ Qxc6
9.dxe5 Ng4 10.Qd5 Qb6 11.O-O Be6 12.Qe4 Bc5 13.Qa4+ Bd7 14.Qf4 Qe6 15.h3 Nxe5
16.Nd4 Bxd4 17.Qxd4 Nc6 18.Qh4 Ne7 19.f3 Nf5 20.Qe4 O-O-O 21.Qxe6 Bxe6 22.Bf4 f6
23.Rfe1 Nd4 24.Rac1 Bxh3 25.Be3 Bf5 26.Bxd4 Rxd4 27.Re2 Rhd8 28.Kf2 h5 29.Rh1 Bg6
30.Rh3 Bf7 31.Rg3 g5 32.Ne4 Bc4 33.Re1 h4 34.Rh3 f5 35.c3 Rd1 36.Rxd1 Rxd1
37.Nxg5 f4  0-1

[Event "11th Open"]
[Site "Ljubljana SLO"]
[Date "2000.06.25"]
[Round "9"]
[White "Balabaev,F"]
[Black "Nikolov,S"]
[Result "1-0"]
[WhiteElo "2089"]
[BlackElo "2376"]

1.e4 d5 2.exd5 Qxd5 3.Nc3 Qd6 4.d4 Nf6 5.Bc4 a6 6.Bb3 Nc6 7.Nge2 e5 8.dxe5 Qxd1+
9.Nxd1 Nxe5 10.Ndc3 Bd6 11.Bg5 Ned7 12.Bf4 Bxf4 13.Nxf4 O-O 14.O-O c6 15.Rfe1 Nc5
16.Bc4 Bf5 17.Re5  1-0

[Event "XVIII Open"]
[Site "Andorra AND"]
[Date "2000.06.26"]
[Round "3"]
[White "Ramesh,R"]
[Black "Mellado Trivino,J"]
[Result "1/2-1/2"]
[WhiteElo "2443"]
[BlackElo "2493"]

1.e4 d5 2.exd5 Qxd5 3.Nc3 Qd6 4.d4 Nf6 5.Bc4 a6 6.Nf3 b5 7.Bb3 Bb7 8.Ne5 e6
9.Bf4 c5 10.dxc5 Qxd1+ 11.Rxd1 Bxc5 12.O-O Nc6 13.Nxc6 Bxc6 14.Bd6 Bxd6 15.Rxd6  1/2-1/2

[Event "XVIII Open"]
[Site "Andorra AND"]
[Date "2000.06.26"]
[Round "3"]
[White "Saravanan,V"]
[Black "Jirovsky,M"]
[Result "1-0"]
[WhiteElo "2412"]
[BlackElo "2474"]

1.e4 d5 2.exd5 Qxd5 3.Nc3 Qd6 4.d4 Nf6 5.Nf3 a6 6.Be3 Bf5 7.Bc4 Nbd7 8.Qe2 e6
9.O-O-O c6 10.Nh4 Bg6 11.Nxg6 hxg6 12.g3 Nb6 13.Bf4 Qd7 14.Bd3 Nbd5 15.Nxd5 cxd5
16.Kb1 Bd6 17.Bg5 O-O-O 18.h4 Kb8 19.Qf3 Be7 20.g4 Rdf8 21.Bc1 Ne8 22.c4 dxc4
23.Bxc4 Nc7 24.d5 e5 25.g5 Bd6 26.Qb3 Qg4 27.f3 Qc8 28.Qb6 Qd8 29.Qb3 Ka8
30.Be3 f5 31.a4 Ne8 32.Rc1 Rf7 33.Rc2 Bb8 34.d6 Rd7 35.Bb6 Qc8 36.Bd5 Qxc2+
37.Kxc2 Nxd6 38.Kb1 e4 39.fxe4 Nxe4 40.Rd1 Rxh4 41.Bxe4  1-0

[Event "XVIII Open"]
[Site "Andorra AND"]
[Date "2000.06.30"]
[Round "7"]
[White "Westerinen,H"]
[Black "Jirovsky,M"]
[Result "1/2-1/2"]
[WhiteElo "2392"]
[BlackElo "2474"]

1.e4 d5 2.exd5 Qxd5 3.Nc3 Qd6 4.d4 Nf6 5.Bc4 a6 6.Bb3 Nc6 7.Nge2 Bf5 8.Bf4 Qd7
9.Qd2 e6 10.O-O-O O-O-O 11.Qe3 Nd5 12.Nxd5 exd5 13.Nc3 Be6 14.a3 Na5  1/2-1/2

[Event "g/10 Match"]
[Site "Leon ESP"]
[Date "2000.06.30"]
[Round "4"]
[White "Vallejo Pons,F"]
[Black "Magem Badals,J"]
[Result "1-0"]
[WhiteElo "2528"]
[BlackElo "2529"]

1.e4 d5 2.exd5 Qxd5 3.Nc3 Qd6 4.d4 Nf6 5.Bc4 a6 6.Bb3 b5 7.Nge2 Bb7 8.Bf4 Qd8
9.O-O e6 10.d5 exd5 11.Re1 Be7 12.Nd4 O-O 13.Nf5 Bc5 14.Qf3 Ne4 15.Nxe4 dxe4
16.Qc3 Qf6 17.Qxc5 Nd7 18.Qxc7 Qxf5 19.Qxb7 Qxf4 20.Qxd7 Rad8 21.Qh3  1-0

[Event "29th ch-GRE Team"]
[Site "Athens GRE"]
[Date "2000.07.09"]
[Round "4"]
[White "Georgiev,Kr"]
[Black "Mastoras,I"]
[Result "1-0"]
[WhiteElo "2521"]
[BlackElo "2215"]

1.e4 d5 2.exd5 Qxd5 3.Nc3 Qd8 4.d4 Nf6 5.Bg5 e6 6.Nf3 Nbd7 7.Bd3 h6 8.Bh4 Be7
9.Qe2 O-O 10.O-O-O c5 11.d5 exd5 12.Rhe1 d4 13.Qxe7 Qxe7 14.Rxe7 dxc3 15.Bf5 cxb2+
16.Kxb2 Nb6 17.Bxc8 Rfxc8 18.Bxf6 gxf6 19.Rxb7 c4 20.Rd6 Na4+ 21.Ka3 Nc5
22.Rb4 Ne4 23.Rd4 Nxf2 24.Rbxc4 Rxc4 25.Rxc4 Rb8 26.Nd4 Nd1 27.Nf5 Rb5 28.Nd6 Rh5
29.h4 Ne3 30.Rc8+ Kg7 31.Rc3 Re5 32.Ka4 Kf8 33.Rc7 Rd5 34.Rxf7+ Kg8 35.Rxf6 Nxc2
36.Nf5 Rd2 37.g4 Nd4 38.Nxh6+ Kg7 39.Rd6 Rxa2+ 40.Kb4 a5+ 41.Kc5 Nf3 42.Nf5+ Kh7
43.Rh6+ Kg8 44.Rf6 Kh7 45.Kd5 Ra4 46.g5 Rg4 47.Ke6 Re4+ 48.Kd6 Rg4 49.Ke7 Ne5
50.Rh6+ Kg8 51.Re6 Re4 52.Ke8 a4 53.Re7 a3 54.g6 Nd7 55.Nh6+ Kh8 56.g7+  1-0

[Event "ch-Paris"]
[Site "Paris FRA"]
[Date "2000.07.15"]
[Round "1"]
[White "Philippe,C"]
[Black "Chalmeton,G"]
[Result "1-0"]
[WhiteElo "2306"]
[BlackElo "2123"]

1.e4 d5 2.exd5 Qxd5 3.Nc3 Qd6 4.d4 Nf6 5.Nf3 a6 6.h3 Bf5 7.Bc4 Nc6 8.O-O e6
9.Ne2 Be7 10.Bf4 Qd7 11.Bb3 O-O 12.Qd2 Rad8 13.Rad1 Qc8 14.c4 Nb4 15.Ng3 Bg6
16.Qe2 Rfe8 17.Ne5 c5 18.Ba4 Nc6 19.Nxc6 bxc6 20.dxc5 Bxc5 21.Bg5 Rxd1 22.Rxd1 Nd7
23.Ne4 f6 24.Bc1 Bxe4 25.Qxe4 Ne5 26.Bf4  1-0

[Event "6th Tan Chin Nam Cup"]
[Site "Beijing CHN"]
[Date "2000.07.16"]
[Round "8"]
[White "Zhang Zhong"]
[Black "Ye Jiangchuan"]
[Result "1/2-1/2"]
[WhiteElo "2636"]
[BlackElo "2670"]

1.e4 d5 2.exd5 Qxd5 3.Nc3 Qd6 4.d4 Nf6 5.Nf3 a6 6.Be3 Nc6 7.Qd2 Bf5 8.Nh4 Bd7
9.Nf3 Bf5 10.Bc4 e6 11.Nh4 Bg6 12.Nxg6 hxg6 13.O-O-O O-O-O 14.h3 Qb4 15.Bb3 Na5
16.Ne2  1/2-1/2

[Event "KB Czech Open"]
[Site "Pardubice CZE"]
[Date "2000.07.27"]
[Round "7"]
[White "Kulhanek,T"]
[Black "Kutuzovic,B"]
[Result "1-0"]
[WhiteElo "2352"]
[BlackElo "2427"]

1.e4 d5 2.exd5 Qxd5 3.Nc3 Qd6 4.d4 Nf6 5.Nf3 a6 6.Be3 b5 7.Bd3 Bb7 8.O-O Nbd7
9.Ng5 e6 10.Qe2 c5 11.dxc5 Qc6 12.f4 Bxc5 13.Nce4 Bxe3+ 14.Qxe3 h6 15.Nxf6+ Nxf6
16.Nf3 O-O 17.h3 Nd5 18.Qe4 Qb6+ 19.Kh2 Nf6 20.Qe2 b4 21.Ne5 a5 22.Rad1 Qc7
23.c4 bxc3 24.Rc1 Nd5 25.bxc3 Rfd8 26.c4 Nb4 27.Bb1 Rd4 28.Rc3 Nd5 29.cxd5 Qxc3
30.Qh5 Qc7 31.dxe6 Rd2 32.exf7+ Kf8 33.Rg1 Qd6 34.Ng6+ Kxf7 35.Ne5+ Kg8 36.Qf7+ Kh8
37.Qxb7  1-0

[Event "HZ Open"]
[Site "Vlissingen NED"]
[Date "2000.08.02"]
[Round "6"]
[White "Amesz,J"]
[Black "Van Beek,A"]
[Result "0-1"]
[WhiteElo "2185"]
[BlackElo "2270"]

1.e4 d5 2.exd5 Qxd5 3.Nc3 Qd6 4.d4 Nf6 5.Nf3 a6 6.g3 Bg4 7.h3 Bh5 8.Bg2 Nc6
9.Bf4 Qb4 10.g4 Bg6 11.O-O O-O-O 12.Qe2 Qxb2 13.Qe3 e6 14.Rab1 Qa3 15.Rb3 Qa5
16.Ne5 Nd5 17.Nxd5 exd5 18.Nxc6 bxc6 19.Rfb1 Kd7 20.Rb7 Bd6 21.Bxd6 Kxd6
22.Qf4+ Kd7 23.h4 Rhe8 24.h5 Bxc2 25.R1b2 g5 26.hxg6 Bxg6 27.g5 Ke7 28.Rxc7+ Kf8
29.Rbb7 Qe1+ 30.Bf1 Qe6 31.Bxa6 Ra8 32.Bf1 Rxa2 33.Bh3 Qe1+ 34.Bf1 Qe6 35.Bh3 Ra1+
36.Bf1 Kg8 37.Ra7 Rxf1+ 38.Kxf1 Qh3+  0-1

[Event "TCh-ESP"]
[Site "Barcelona ESP"]
[Date "2000.08.07"]
[Round "3"]
[White "Cisneros,L"]
[Black "Mellado Trivino,J"]
[Result "1-0"]
[WhiteElo "2284"]
[BlackElo "2463"]

1.e4 d5 2.exd5 Qxd5 3.Nc3 Qd6 4.d4 Nf6 5.Nf3 a6 6.h3 b5 7.Bd3 Bb7 8.Qe2 Nbd7
9.O-O e6 10.a4 b4 11.Ne4 Nxe4 12.Bxe4 Bxe4 13.Qxe4 c6 14.c4 Nf6 15.Qe2 Be7
16.Bg5 O-O 17.Rad1 b3 18.Ne5 Rfc8 19.Qf3 c5 20.Bf4 cxd4 21.Nxf7 Qc5 22.Ne5 Rf8
23.Rfe1 Bd6 24.Qxb3 Rab8 25.Qc2 Rbd8 26.Nd3 Qf5 27.Bxd6 Rxd6 28.Re5 Qg6 29.c5 Nd7
30.Qe2 Rc6 31.b4 Nxe5 32.Nxe5 Qe8 33.Nxc6 Qxc6 34.Rxd4 Qxa4 35.Qxe6+ Kh8
36.Qe7 Rg8 37.Rd8 h6 38.Rxg8+ Kxg8 39.Qd8+ Kf7 40.Qc7+ Kg8 41.c6 Qxb4 42.Qd8+ Kf7
43.Qd5+  1-0

[Event "TCh-ESP"]
[Site "Barcelona ESP"]
[Date "2000.08.08"]
[Round "4"]
[White "Rivas Pastor,M"]
[Black "Hernando,A"]
[Result "1-0"]
[WhiteElo "2420"]
[BlackElo "2191"]

1.e4 d5 2.exd5 Qxd5 3.Nc3 Qd8 4.d4 Nf6 5.Bg5 c6 6.Qd3 Bg4 7.Nge2 Bxe2 8.Bxe2 e6
9.O-O-O Nbd7 10.Kb1 Qc7 11.Bh4 Be7 12.g4 O-O-O 13.Bg3 Bd6 14.g5 Ne8 15.Ne4 Bxg3
16.hxg3 Nf8 17.c4 Kb8 18.f4 Nd6 19.d5 Nxe4 20.Qxe4 exd5 21.cxd5 cxd5 22.Rxd5 Rxd5
23.Qxd5 Ne6 24.Rc1 Qd8 25.Qe5+ Ka8 26.Rd1 Qb8 27.Qxb8+ Kxb8 28.Rd7 Nd8 29.Re7 g6
30.Bc4 h6 31.gxh6 Rxh6 32.Bxf7 Nxf7 33.Rxf7 Rh1+ 34.Kc2 Rg1 35.Rg7 Rg2+ 36.Kd1 Rxb2
37.Rxg6 Rxa2 38.f5 a5 39.f6 Ka7 40.Rg4  1-0

[Event "4th Open"]
[Site "Halkida GRE"]
[Date "2000.08.17"]
[Round "8"]
[White "Balaskas,P"]
[Black "Babaniotis,E"]
[Result "1-0"]
[WhiteElo "2203"]
[BlackElo "2069"]

1.e4 d5 2.exd5 Qxd5 3.Nc3 Qd6 4.d4 Nf6 5.Nf3 Bf5 6.Nb5 Qb6 7.c4 c6 8.c5 Qd8
9.Nc3 e6 10.Qb3 b6 11.Bf4 Nbd7 12.Qa4 bxc5 13.Qxc6 Rc8 14.Qa4 cxd4 15.Nxd4 Qb6
16.Bb5 Bc5 17.Bxd7+ Nxd7 18.Nxf5 Bxf2+ 19.Kf1 exf5 20.Rd1 O-O 21.Nd5 Qxb2
22.Rd2 Qc1+ 23.Kxf2 Qxh1 24.Qxd7 Rc1 25.Ne7+ Kh8 26.Nxf5 Qe1+ 27.Kf3 Qe6
28.Ne3 a6 29.Qxe6 fxe6 30.Ke4 Rc6 31.Rd7 Kg8 32.Bd6 Rf2 33.Rd8+ Kf7 34.Rf8+ Kg6
35.Rxf2 Rxd6 36.Nc4 Rd1 37.Ne5+ Kg5 38.Rf3 Rd2 39.h4+ Kh5 40.Ra3 Re2+ 41.Kf4 Rf2+
42.Ke3 Rf5 43.Nf3 h6 44.Rxa6  1-0

[Event "ch-FRA Women"]
[Site "Vichy FRA"]
[Date "2000.08.19"]
[Round "4"]
[White "Marchadour,C"]
[Black "Dacalor,A"]
[Result "0-1"]
[WhiteElo "2126"]
[BlackElo "2126"]

1.e4 d5 2.exd5 Qxd5 3.Nc3 Qd6 4.Nf3 Nf6 5.d4 a6 6.Bc4 Bg4 7.h3 Bh5 8.g4 Bg6
9.Ne5 Nc6 10.Nxg6 hxg6 11.Be3 e6 12.g5 Nh5 13.Qd2 O-O-O 14.O-O-O Qb4 15.Qe2 b5
16.Nxb5 axb5 17.Bxb5 Nb8 18.a3 Qa5 19.Bc4 c6 20.Qd3 Bd6 21.Qb3 Rd7 22.Bd2 Qa7
23.Qc3 Nf4 24.Kb1 Nd5 25.Qd3 Rb7 26.Bb3 Rh4 27.c4 Qxd4 28.Qf3 Qe4+ 29.Qxe4 Rxe4
30.Bc2 Rxc4 31.Bc1 Nc3+  0-1

[Event "XVIII Rapidplay Open"]
[Site "Villarrobledo ESP"]
[Date "2000.08.20"]
[Round "8"]
[White "Hamdouchi,H"]
[Black "Kurajica,B"]
[Result "1/2-1/2"]
[WhiteElo "2541"]
[BlackElo "2534"]

1.e4 d5 2.exd5 Qxd5 3.Nc3 Qd6 4.d4 Nf6 5.Nf3 a6 6.Bc4 b5 7.Bb3 c5 8.a4 b4
9.Ne2 e6 10.Bf4 Qd8 11.a5 Be7 12.Bxb8 Rxb8 13.Ne5 Bb7 14.Ba4+ Kf8 15.Nc6 Bxc6
16.Bxc6 Qc7 17.Bf3 g6 18.dxc5 Bxc5 19.O-O Rd8 20.Qe1 Kg7 21.h3 h5 22.c3 Rb8
23.Qc1 Rhc8 24.Qg5 Rb5 25.Qf4 Bd6 26.Qd2 Rd8 27.Nd4 Rc5 28.Qe2 bxc3 29.bxc3 Rxc3
30.Rfd1 Rc4 31.Nb3 Be7 32.Rdc1 Rxc1+ 33.Rxc1 Qb8 34.Qc4 Ba3 35.Rc2 Qe5 36.Qxa6 Qe1+
37.Qf1 Qb4 38.Qc4 Qe1+ 39.Kh2 Rb8 40.Qc3 Qb1 41.Nc5 Bb2 42.Qd3 Be5+ 43.g3 h4
44.Kg2 hxg3 45.fxg3 Rb2 46.Rxb2 Qxb2+ 47.Qe2 Qb8 48.Qe4  1/2-1/2

[Event "Paul Keres mem"]
[Site "Tallinn EST"]
[Date "2000.08.21"]
[Round "8"]
[White "Apanaviciute,K"]
[Black "Keskel,M"]
[Result "1/2-1/2"]
[WhiteElo "2024"]
[BlackElo "2057"]

1.e4 d5 2.exd5 Qxd5 3.Nc3 Qd6 4.Nf3 Nf6 5.Bc4 Bf5 6.d3 a6 7.Qe2 Nc6 8.a3 e6
9.h3 Be7 10.Bd2 O-O 11.O-O Nd4 12.Nxd4 Qxd4 13.Qe3 Qd7 14.Qf3 b5 15.Bb3 c5
16.Bf4 Rad8 17.a4 Nd5 18.axb5 Nxf4 19.Qxf4 axb5 20.Ra5 Bd6 21.Qf3 b4 22.Ne4 Bc7
23.Ra6 Qd4 24.Rc6 Qe5 25.Qg3 Rc8 26.Qxe5 Bxe5 27.Rxc5 Rxc5 28.Nxc5 Bxb2 29.Ne4 Rd8
30.g4 Bg6 31.Kg2 Kf8 32.Re1 Rd4 33.f4 Bxe4+ 34.Rxe4 Rxe4  1/2-1/2

[Event "ch-FRA Women"]
[Site "Vichy FRA"]
[Date "2000.08.21"]
[Round "6"]
[White "Muller,A"]
[Black "Dacalor,A"]
[Result "1-0"]
[WhiteElo "2135"]
[BlackElo "2126"]

1.e4 d5 2.exd5 Qxd5 3.Nc3 Qd6 4.d4 Nf6 5.Nf3 Bg4 6.h3 Bh5 7.g4 Bg6 8.Ne5 Nfd7
9.Nb5 Qb6 10.Bf4 Nxe5 11.Bxe5 Na6 12.Qd2 c6 13.Nc3 Nb4 14.Rc1 O-O-O 15.a3 f6
16.Na4 Nxc2+ 17.Rxc2 Qb3 18.Rxc6+ bxc6 19.Ba6+ Kd7 20.Nc5+ Ke8 21.Nxb3 fxe5
22.O-O Bf7 23.Qc3 Bxb3 24.Qxb3 exd4 25.Qe6 Rd6 26.Qc8+ Kf7 27.Bc4+  1-0

[Event "ch-FRA Women"]
[Site "Vichy FRA"]
[Date "2000.08.21"]
[Round "6"]
[White "Te Llalemand,R"]
[Black "Dubois,M"]
[Result "1-0"]
[WhiteElo "2289"]
[BlackElo "2084"]

1.e4 d5 2.exd5 Qxd5 3.Nc3 Qd6 4.d4 Nf6 5.Nf3 a6 6.Be3 Bg4 7.Be2 Nc6 8.Qd2 e6
9.O-O Be7 10.Rad1 O-O 11.Bf4 Qd8 12.Ne5 Bxe2 13.Nxc6 bxc6 14.Nxe2 Nd5 15.Bg3 Bd6
16.c4 Bxg3 17.cxd5 Bh4 18.dxc6 Qd5 19.Qf4 Bd8 20.Nc3 Qxc6 21.Rd3 Qd6 22.Qe4 Bf6
23.Rfd1 Rab8 24.Qe2 Qe7 25.Ne4 Rb5 26.Rf3 Kh8 27.a4 Rd5 28.Nxf6 gxf6 29.Qxa6 Rg8
30.Qc4 Qd7 31.b4 e5 32.Rxf6 Rxd4 33.Rxd4 Qxd4 34.Qxd4 exd4 35.Rxf7 d3 36.Rd7 Rb8
37.Rxd3 Rxb4 38.g3 c5 39.Rc3 c4 40.a5 Kg7 41.a6 Ra4 42.a7 Rxa7 43.Rxc4 Kf6
44.Rc6+ Ke5 45.Kg2 Rb7 46.h4 Kf5 47.Kh3 Rf7 48.Rc3 Kg6 49.f3 Ra7 50.g4 Ra6
51.Rc7 Ra3 52.Kg3 Ra6 53.h5+ Kh6 54.Kh4 Ra4 55.Rc6+ Kg7 56.Kg3 Rb4 57.g5 Rb7
58.Kg4 Ra7 59.f4 Ra8 60.Rc7+ Kg8 61.g6 hxg6 62.hxg6 Ra1 63.Kg5 Ra5+ 64.f5 Rb5
65.Kh6  1-0

[Event "ch-FRA Women"]
[Site "Vichy FRA"]
[Date "2000.08.25"]
[Round "10"]
[White "Dubois,M"]
[Black "Dacalor,A"]
[Result "0-1"]
[WhiteElo "2084"]
[BlackElo "2126"]

1.e4 d5 2.exd5 Qxd5 3.Nc3 Qd6 4.d4 Nf6 5.Nf3 a6 6.Ne5 Nc6 7.Bf4 Nxe5 8.Bxe5 Qd8
9.Qf3 Rb8 10.Bc4 e6 11.O-O Nd7 12.Bg3 b5 13.Bb3 Rb6 14.Rad1 Bd6 15.Rfe1 O-O
16.Be5 Bb7 17.Qg3 Bxe5 18.dxe5 Qe7 19.a4 c5 20.a5 Rc6 21.Ne4 Rc7 22.Nf6+ Kh8
23.Nh5 Rg8 24.c4 Rcc8 25.Nf4 Nb8 26.cxb5 axb5 27.Bxe6 Rce8 28.Bd5 Bxd5 29.Nxd5 Qa7
30.e6 Rxe6 31.Rxe6 fxe6 32.Nf4 Qf7 33.a6 Nxa6 34.Rd7 Qf5 35.h3 e5 36.Ra7 exf4
37.Qb3 Nb4 38.Qf3 h6 39.Kh2 Nd3 40.Qe2 c4  0-1